00263nam a2200121Ia 4500008004100000041001200041082001100053100001800064245002600082250000900108260001600117650000800133221030s9999 xx 000 0 und d aEnglish a105.23 aRavi Kumar/92 0aAction Point Maker a2005 aJammuc2005 aMCA